000 00340 a2200097 4500
999 _c18990
_d18990
003 WA 310
005 20180131144508.0
008 180131s1974 pl f u |000 0 pol d
040 _aWA 310/bw
_cWA 310/bw
245 0 0 _aLampy elektronowe - Diody próżniowe Nazwy i określenia PN-74/T-01010.05 /
_cMinisterstwo Przemysłu Maszynowego.
246 1 3 _aPN-74/T-01010.05
246 1 3 _aUKD 621.385.2:001.4
260 _aWarszawa :
_bMinisterstwo Przemysłu Maszynowego,
_c1974.
300 _a2 strony ;
_c30 cm.
650 _aPolska norma
710 _aPolska.
_bMinisterstwo Przemysłu Maszynowego.
_eInstytucja sprawcza
_eWydawca
_4pbl
942 _2ddc
_cBK